| 000 | 01006nam a2200193 a 4500 | ||
|---|---|---|---|
| 001 | 000030087 | ||
| 005 | 20200930060031.0 | ||
| 008 | 110429s20uu dr 000 0 spa d | ||
| 040 |
_aDO-SdBNP _bspa _cBNPHU |
||
| 110 | 2 |
_aReública Dominicana _bComisión Presidencial para la reforma y Modernización del Estado _956789 |
|
| 245 | 1 | 0 |
_aManual del ayuntamiento : _bfinanzas municipales. |
| 260 |
_aSanto Domingo : _bLiga Municipal, _c[200?]. |
||
| 300 |
_a12 p. : _bil. ; _c21 cm. |
||
| 490 | 1 |
_aCuadernos municipales _v5 |
|
| 500 | _aIncluye notas al pie de las páginas | ||
| 505 | 2 | _aExpropiaciones -- Procedimiento especial para las exportaciones por el Estado, el Ditrito Nacional o los municipios -- Contenido de la instancia en el cual se solicita la expropiación y la fijación del precio -- Citación al propietario y plazos para realizala, nombramiento de los peritos para evalúo -- Desacuerdo con respecto al valor de la propiedad | |
| 830 | 0 |
_aCuadernos municipales _v5 _956790 |
|
| 049 | _aBNPD | ||
| 999 |
_c29579 _d29579 |
||